[Event "It's a long way to the top if yo"]
[Site "http://www.queenalice.com/game.php?id=422874"]
[Date "2008.6.25"]
[Round "-"]
[White "fiddilydee"]
[Black "SRIVERO"]
[Result "0-1"]
[WhiteElo "1235"]
[BlackElo "1620"]

1. e4 c5 2. Nf3 Nc6 3. Nc3 d6 4. d3 Nf6 5. Be2 g6 6. O-O Bg7 7. Be3 Qb6 8. Rb1
Bg4 9. d4 cxd4 10. Nxd4 Bxe2 11. Ncxe2 Nxe4 12. b4 O-O 13. b5 Nxd4 14. Nxd4 Bxd4
15. Bxd4 Qc7 0-1

[Event "I take off clothes for money"]
[Site "http://www.queenalice.com/game.php?id=422875"]
[Date "2008.6.25"]
[Round "-"]
[White "SRIVERO"]
[Black "fiddilydee"]
[Result "1-0"]
[WhiteElo "1585"]
[BlackElo "1233"]

1. d4 e6 2. c4 c6 3. Nc3 d5 4. Nf3 c5 5. e3 cxd4 6. exd4 e5 7. dxe5 Nc6 8. cxd5
g5 9. dxc6 bxc6 10. Bc4 Rb8 11. Nxg5 Nh6 12. Qf3 Bb4 13. Bxf7+ Nxf7 14. Qxf7#
1-0

[Event "Let's Play Chess!"]
[Site "http://www.queenalice.com/game.php?id=422877"]
[Date "2008.6.25"]
[Round "-"]
[White "DrIgO"]
[Black "fiddilydee"]
[Result "1-0"]
[WhiteElo "1215"]
[BlackElo "1259"]

1. d4 d5 2. g3 g6 3. Nf3 Nf6 4. Ne5 e6 5. Bg5 Nc6 6. Qd3 Nb4 7. Qf3 Be7 8. e4
dxe4 9. Bb5+ c6 10. Qb3 O-O 11. Nxc6 bxc6 12. d5 cxb5 13. dxe6 Bxe6 14. Qe3
Nxc2+ 15. Ke2 Nxa1 16. Rd1 Nd7 17. Bh6 Nc2 18. Qc3 Qc8 19. Qg7# 1-0

[Event "It's On!"]
[Site "http://www.queenalice.com/game.php?id=422951"]
[Date "2008.6.25"]
[Round "-"]
[White "Joe_Boyd"]
[Black "fiddilydee"]
[Result "1-0"]
[WhiteElo "1961"]
[BlackElo "1256"]

1. e4 e5 2. Bc4 d6 3. f4 Nf6 4. Nf3 Nxe4 5. d3 Nc5 6. fxe5 f6 7. exf6 gxf6 8.
O-O Bf5 9. Ng5 Qc8 10. Qh5+ Kd7 11. Qf7+ Be7 12. Rxf5 Rf8 13. Be6+ Nxe6 14.
Qxe6+ Ke8 15. Qxc8+ Bd8 16. Ne6 Kf7 17. Nxf8 Kg7 18. Qxd8 Kf7 19. Qxf6+ Kg8 20.
Rg5# 1-0

[Event "Cinnamon Buuuuuuuns!"]
[Site "http://www.queenalice.com/game.php?id=422997"]
[Date "2008.6.25"]
[Round "-"]
[White "fiddilydee"]
[Black "spawnwolfwolverine"]
[Result "0-1"]
[WhiteElo "1244"]
[BlackElo "1590"]

1. e3 e5 2. d4 exd4 3. exd4 Be7 4. Nc3 Nf6 5. Bc4 O-O 6. Nf3 b6 7. O-O Ba6 8.
Re1 Bxc4 9. b3 Ba6 10. Ba3 Bxa3 11. Qd3 Bxd3 12. cxd3 Bb2 13. Rab1 Bxc3 14. Rec1
Bxd4 15. Nxd4 c5 16. Nf5 d5 17. Re1 Qc7 18. Re3 Ng4 0-1

[Event "Let's Play Chest"]
[Site "http://www.queenalice.com/game.php?id=422998"]
[Date "2008.6.25"]
[Round "-"]
[White "spawnwolfwolverine"]
[Black "fiddilydee"]
[Result "1-0"]
[WhiteElo "1592"]
[BlackElo "1239"]

1. e4 Nf6 2. d3 e5 3. Bg5 Nc6 4. Be2 Qe7 5. Nf3 d6 6. O-O Bg4 7. c3 Qd7 8. Bxf6
gxf6 9. Nbd2 Rg8 10. g3 Bh6 11. Re1 Bh3 12. Bf1 Bxf1 13. Rxf1 O-O-O 14. a3 Rg5
15. Nxg5 fxg5 16. b4 Qh3 17. b5 Ne7 18. c4 1-0

[Event "Let's Play Cops and Robbers"]
[Site "http://www.queenalice.com/game.php?id=422999"]
[Date "2008.6.25"]
[Round "-"]
[White "fiddilydee"]
[Black "spawnwolfwolverine"]
[Result "0-1"]
[WhiteElo "1250"]
[BlackElo "1588"]

1. e3 e5 2. Nf3 d6 3. Nc3 Bg4 4. Be2 g6 5. b3 Bg7 6. O-O Nc6 7. d4 exd4 8. Nxd4
Bxe2 9. Qxe2 Nge7 10. e4 O-O 11. Be3 Nxd4 12. Bxd4 Bxd4 13. Nd5 Bxa1 14. Rxa1 c6
15. Nf6+ Kg7 16. Qf3 d5 0-1

[Event "Under the Sea"]
[Site "http://www.queenalice.com/game.php?id=427080"]
[Date "2008.7.4"]
[Round "-"]
[White "fiddilydee"]
[Black "spawnwolfwolverine"]
[Result "0-1"]
[WhiteElo "1207"]
[BlackElo "1719"]

1. e4 e5 2. Nf3 d6 3. d3 Bg4 4. Bg5 Qxg5 5. Be2 Bxf3 6. gxf3 g6 7. Qd2 Qxd2+ 8.
Nxd2 Bg7 9. O-O-O Nf6 10. c3 O-O 11. Rhg1 Nbd7 12. Nb3 b6 13. f4 exf4 14. h4 c5
15. Rg2 a5 16. h5 Nxh5 17. Rdg1 Nhf6 18. Bf3 a4 19. Nd2 Ne5 20. Nc4 Nxf3 21. Rh1
b5 22. Nxd6 b4 23. e5 Nd5 24. Rgh2 h5 25. e6 fxe6 26. d4 Nxh2 27. Rxh2 bxc3 0-1

[Event "All we are is dust in the wind"]
[Site "http://www.queenalice.com/game.php?id=427082"]
[Date "2008.7.4"]
[Round "-"]
[White "fiddilydee"]
[Black "Sankara"]
[Result "0-1"]
[WhiteElo "1223"]
[BlackElo "1320"]

1. e4 e5 2. d3 Bb4+ 3. c3 Ba5 4. b4 Bb6 5. h4 Nf6 6. Nf3 Nc6 7. g4 Nxg4 8. Rg1
Nxf2 9. Qd2 d6 10. d4 Nh3 11. Rh1 Nf4 12. dxe5 Qe7 13. Qxf4 dxe5 14. Qd2 Qf6 15.
Bc4 Qxf3 0-1

[Event "I wear my sunglasses at night"]
[Site "http://www.queenalice.com/game.php?id=427316"]
[Date "2008.7.4"]
[Round "-"]
[White "fiddilydee"]
[Black "Josimmal"]
[Result "0-1"]
[WhiteElo "1223"]
[BlackElo "1368"]

1. Nf3 Nf6 2. e4 Nxe4 3. d3 Nf6 4. Be3 d5 5. Nc3 c5 6. Bf4 d4 7. Ne4 Nbd7 8.
Nfg5 e5 9. c3 exf4 10. h4 h6 11. Nf3 Be7 12. cxd4 cxd4 13. Nxd4 Bc5 14. Nb3 Bb4+
15. Nbd2 Nxe4 16. dxe4 Nc5 17. Bb5+ Bd7 18. Rc1 Nxe4 19. Qa4 Bxd2+ 20. Kf1 Bxc1
21. Ke2 Bxb5+ 0-1

[Event "Take a Ride on Heavy Metal"]
[Site "http://www.queenalice.com/game.php?id=427317"]
[Date "2008.7.5"]
[Round "-"]
[White "fiddilydee"]
[Black "filomenos"]
[Result "0-1"]
[WhiteElo "1268"]
[BlackElo "1490"]

1. Nf3 d5 2. d4 Nc6 3. Nc3 e6 4. e4 Bb4 5. Bf4 Bxc3+ 6. bxc3 dxe4 7. Ng5 Nf6 8.
Rb1 Qd5 9. Bxc7 Qxa2 10. Ra1 Qd5 11. Bb5 a6 12. Be2 Qxg5 13. Ra5 Qxg2 14. Kd2
Qxf2 15. Rf1 Qxh2 16. Rh1 Qf4+ 17. Ke1 Qxc7 18. Qa1 Qxa5 19. Qb2 Nxd4 20. Qb4
Nxc2+ 21. Kf2 Nxb4 0-1

[Event "RUN FORREST RUN"]
[Site "http://www.queenalice.com/game.php?id=427872"]
[Date "2008.7.5"]
[Round "-"]
[White "fiddilydee"]
[Black "bg"]
[Result "0-1"]
[WhiteElo "1211"]
[BlackElo "1734"]

1. e4 e5 2. Nf3 Nc6 3. d3 Bc5 4. Nc3 d6 5. b3 Nf6 6. a4 Ng4 7. Be3 Bxe3 8. fxe3
Nxe3 9. Qd2 Nd4 10. Qxe3 Nxc2+ 11. Kd2 Nxe3 12. Kxe3 Bg4 13. Nb5 Bxf3 14. gxf3
a6 15. Nc3 Qg5+ 16. f4 Qxf4+ 0-1

[Event "Don't laugh at me, I was once li"]
[Site "http://www.queenalice.com/game.php?id=427873"]
[Date "2008.7.5"]
[Round "-"]
[White "fiddilydee"]
[Black "karpovl"]
[Result "0-1"]
[WhiteElo "1205"]
[BlackElo "1608"]

1. e4 e5 2. Nf3 d5 3. Nxe5 dxe4 4. c4 Qd4 5. Qh5 g6 6. Qe2 Qxe5 7. Nc3 Nf6 8. f3
Nc6 9. fxe4 Bg4 10. Qd3 Nb4 11. Qg3 Qc5 12. d4 Qxd4 13. Be3 Nc2+ 14. Kf2 Nxe4+
15. Kg1 Qxe3+ 16. Qxe3 Nxe3 17. Nxe4 O-O-O 18. c5 Rd1 19. Rxd1 Nxd1 20. c6 b6
21. h3 Bf5 22. Ng5 Bc5+ 23. Kh2 f6 24. Nf7 Rf8 0-1

[Event "Don't look up"]
[Site "http://www.queenalice.com/game.php?id=427876"]
[Date "2008.7.5"]
[Round "-"]
[White "junior11"]
[Black "fiddilydee"]
[Result "1-0"]
[WhiteElo "1642"]
[BlackElo "1209"]

1. d4 d5 2. c4 e6 3. Nc3 Bb4 4. Bd2 dxc4 5. e4 Qxd4 6. Nf3 Qd6 7. Bxc4 c6 8. O-O
Nf6 9. Bb3 Ba5 10. e5 Qc5 11. exf6 gxf6 12. Ne4 Qh5 13. Nxf6+ Ke7 14. Nxh5 Rd8
15. Bg5+ 1-0

[Event "Challenge"]
[Site "http://www.queenalice.com/game.php?id=431504"]
[Date "2008.7.11"]
[Round "-"]
[White "Joe_Boyd"]
[Black "fiddilydee"]
[Result "1-0"]
[WhiteElo "1992"]
[BlackElo "1223"]

1. e4 e5 2. Nf3 d6 3. d4 Nc6 4. Bb5 a6 5. Bxc6+ bxc6 6. dxe5 dxe5 7. O-O f6 8.
Be3 g5 9. Nc3 Be6 10. Qe2 Rb8 11. Qxa6 Qc8 12. Qxc6+ Bd7 13. Qc4 Bb5 14. Nxb5 c6
15. Na7 Qc7 16. Nxc6 Rxb2 17. Rad1 Bd6 18. Qe6+ Be7 19. Rd8+ Qxd8 20. Nxd8 Kxd8
21. Rd1+ Ke8 22. Nxg5 fxg5 23. Bxg5 Rb5 24. h4 Nf6 25. Bxf6 Rb7 26. Bxh8 Kf8 27.
Qh6+ Kf7 28. Qxh7+ Ke6 29. Qf5# 1-0

[Event "Nobody Loves Me"]
[Site "http://www.queenalice.com/game.php?id=432895"]
[Date "2008.7.15"]
[Round "-"]
[White "fiddilydee"]
[Black "xerxe"]
[Result "0-1"]
[WhiteElo "1203"]
[BlackElo "1504"]

1. e4 e5 2. f3 Bc5 3. d3 Nc6 4. c4 d6 5. b3 Nf6 6. g4 h5 7. h3 hxg4 8. fxg4 Bxg4
9. hxg4 Rxh1 10. Nf3 Nxg4 11. Bg5 f6 12. Bh4 Ne3 13. Qe2 Nxf1 14. Kd1 Ng3+ 15.
Ng1 Rxg1+ 16. Kd2 Bb4+ 17. Nc3 Bxc3+ 0-1

[Event "I'm a Cowboy"]
[Site "http://www.queenalice.com/game.php?id=432896"]
[Date "2008.7.15"]
[Round "-"]
[White "xerxe"]
[Black "fiddilydee"]
[Result "1-0"]
[WhiteElo "1516"]
[BlackElo "1203"]

1. d4 h6 2. c4 f5 3. e3 e6 4. Nc3 d5 5. cxd5 exd5 6. Nxd5 Qxd5 7. Nf3 Bb4+ 8.
Bd2 Qa5 9. Bd3 Nf6 10. O-O Be6 11. Bxb4 Qxb4 12. b3 Nc6 13. Qc2 Ng4 14. Bxf5 g6
15. Bxe6 Rf8 16. Qxg6+ Kd8 17. Bxg4 Qe7 18. Rac1 1-0